|
|
|
|
| LEADER |
00000nam a2200000 a 4500 |
| 001 |
vtls008295946 |
| 003 |
SK-MaSNL |
| 005 |
20260301122831.0 |
| 008 |
240315s1961 xr 000 0 cze |
| 040 |
|
|
|a SNK
|b slo
|c SNK
|e AACR2
|
| 041 |
0 |
|
|a cze
|
| 044 |
|
|
|a xr
|c CZ
|
| 080 |
|
|
|a 618.6/.7
|2 2001
|
| 080 |
|
|
|a 613
|2 200
|
| 080 |
|
|
|a (035)
|2 2001
|
| 100 |
1 |
|
|a Šebek, Václav,
|d 1901-1980
|4 aut
|9 238429
|
| 245 |
1 |
0 |
|a Životospráva v šestinedělí
|c Václav Šebek, Jiří R. Pros
|
| 250 |
|
|
|a 2. opr. vyd.
|
| 260 |
|
|
|a Praha
|b Státní zdravotnické nakladatelství
|c 1961
|
| 300 |
|
|
|a 91 s.
|b pozn., obr.
|c 19 cm
|
| 366 |
|
|
|e 12 000 výtl.
|
| 500 |
|
|
|a Brožovaná
|
| 504 |
|
|
|a Poznámky pod čiarou
|
| 650 |
0 |
7 |
|a šestonedelie
|2 SNKPH
|9 3977
|
| 650 |
0 |
7 |
|a životospráva
|2 SNKPH
|9 23728
|
| 655 |
|
7 |
|a príručky
|2 SNKPH
|9 74364
|
| 700 |
1 |
|
|a Pros, Jiří R.
|q (Jiří Rudolf),
|d 1914-1999
|4 aut
|9 117079
|
| 852 |
|
|
|a Štátna vedecká knižnica v Banskej Bystrici
|
| 999 |
|
|
|c 734261
|d 736191
|
| 952 |
|
|
|a SNK
|b SNK
|y NEVYP
|7 0
|p 17A0483248
|o snkID 30198 D1
|i snkKIP 355/62
|3 Rekatalogizácia
|0 0
|1 1
|4 0
|d 2005-08-26
|l 0
|r 2026-02-23 22:39:59
|w 2026-02-23
|
| 952 |
|
|
|a SNK
|b SNK
|y VYP
|7 0
|p 17A0486682
|o snkID 30198
|i snkKIP 354/62
|0 0
|1 0
|4 0
|d 2005-10-21
|l 0
|r 2026-02-23 22:39:59
|w 2026-02-23
|